كوكب الأرض / (رقم التسجيلة. 31027)

تفاصيل مارك
000 -LEADER
fixed length control field 00736nam a22002657a 4500
005 - DATE AND TIME OF LATEST TRANSACTION
control field 20251108165757.0
008 - FIXED-LENGTH DATA ELEMENTS--GENERAL INFORMATION
fixed length control field 250721s1992 xx 000 0 ara d
020 ## - INTERNATIONAL STANDARD BOOK NUMBER
International Standard Book Number 9772613506
082 14 - DEWEY DECIMAL CLASSIFICATION NUMBER
Classification number ط/525/جيس
100 1# - MAIN ENTRY--PERSONAL NAME
Personal name جيسوب، جوان
245 10 - TITLE STATEMENT
Title كوكب الأرض /
264 1# - PRODUCTION, PUBLICATION, DISTRIBUTION, MANUFACTURE, AND COPYRIGHT NOTICE
Place of production, publication, distribution, manufacture القاهرة :
Name of producer, publisher, distributor, manufacturer شركة سفير،
Date of production, publication, distribution, manufacture, or copyright notice 1992.
300 ## - PHYSICAL DESCRIPTION
Extent 32ص.
490 0# - SERIES STATEMENT
Series statement نظرة جديدة
650 17 - SUBJECT ADDED ENTRY--TOPICAL TERM
Topical term or geographic name as entry element الأرض
650 17 - SUBJECT ADDED ENTRY--TOPICAL TERM
Topical term or geographic name as entry element البراكين
650 17 - SUBJECT ADDED ENTRY--TOPICAL TERM
Topical term or geographic name as entry element الزلازل
650 17 - SUBJECT ADDED ENTRY--TOPICAL TERM
Topical term or geographic name as entry element التربة
650 17 - SUBJECT ADDED ENTRY--TOPICAL TERM
Topical term or geographic name as entry element الكهوف
653 ## - INDEX TERM--UNCONTROLLED
Uncontrolled term ناشئون صغار (10-14 سنة)
700 1# - ADDED ENTRY--PERSONAL NAME
Personal name باشا، أحمد فؤاد
Relator term Tran.
700 1# - ADDED ENTRY--PERSONAL NAME
Personal name وود، جيرالد
Relator term Cart.
942 ## - ADDED ENTRY ELEMENTS (KOHA)
Source of classification or shelving scheme Dewey Decimal Classification
Koha item type مراجع
المقتنيات
حالة السحب حالة الفقدان مصدر التصنيف حالة التلف غير قابل للإعارة المكتبة الرئيسية المكتبة الحالية موقع الرف تاريخ التزويد الرقم المتسلسل Total Checkouts رقم الإستدعاء الباركود تاريخ آخر ظهور تاريخ الفاتورة نوع المادة (كوها)
    Dewey Decimal Classification     مكتبة البشائر للأطفال مكتبة البشائر للأطفال الإعارة 28/07/2025 527164   ط/525/جيس 527164 28/07/2025 28/07/2025 مراجع
    Dewey Decimal Classification     مكتبة أم المؤمنين للأطفال مكتبة أم المؤمنين للأطفال الأطفال 28/07/2025 430583   ط/525/جيس 430583 28/07/2025 28/07/2025 مراجع
    Dewey Decimal Classification     مكتبة صويلح العامة مكتبة صويلح العامة الأطفال 15/07/2019 388105   ط/525/جيس PLD00457648 28/07/2025 15/07/2019 مراجع
    Dewey Decimal Classification   Not For Loan مكتبةمؤتة مكتبةمؤتة مراجع 30/06/2014 [ 962 ]   ط/525/جيس PLD00332321 28/07/2025 30/06/2014 مراجع
Implemented & Customized by: BBB with SCIT (Smart Chains for Information Technology)

Powered by Koha